000 00662nam a2200193Ii 4500
003 JO-AjNU
008 230605s9999||||xx |||||||||||||| ||und||
040 _aJO-AjNU
_bara
_erda
_cJO-AjNU
041 _aara
050 1 4 _aPJ7553 1989
100 3 _aالعبيدي، رشيد عبد الرحمن,
_eauthor
_938767
245 0 0 _aأبو طالب المأموني: حياته-شعره-لغته
264 3 1 _aبغداد:مطبعة الرشاد، 1989
300 _a240ص
336 _atext
_btxt
_2rdacontent
337 _aunmediated
_bn
_2rdamedia
338 _avolume
_bnc
_2rdacarrier
650 4 _aالادب العربي- ابو طالب المأموني
_938768
999 _aA16315
_c19883
_d19883